00414 a2200121 4500001001000000005001700010008004100027245008800068100002300156700002300179773007300202999001700275ART_4187620260410162024.0260409a 10aJurisdicción y elección del derecho aplicable desde una perspectiva económica1 aLantermann, Katrin1 aSchäfer, Hans B.0 tJurisprudencia ArgentinagDerecho y economía (mayo 2006)wREV41622 c33353d33353